00421nam a22001577a 4500003000400000005001700004008004100021040000900062082002500071100002600096245004100122250001200163260005000175300001200225650002600237OSt20260223150819.0260223b |||||||| |||| 00| 0 eng d cSKBL a891.41404bTa 149 Na aTalukdar, Nanda.eedt 0aNabin Chandra Bardoloi Rachanavali / a2nd ed. aGuwahati :bAssam Prakashan Parishad ,c2003. a402 p.; aAssamese linguistics